| 000 | 01567nam a22002897a 4500 | ||
|---|---|---|---|
| 999 |
_c1422 _d1422 |
||
| 003 | AR-CdUCM | ||
| 008 | 190227b ||||| |||| 00| 0 spa d | ||
| 020 | _a8483870541 | ||
| 040 |
_aMUNICIPALIDAD PROVINCIAL DEL CUSCO _cBIBLIOTECA MUNICIPAL DEL CUSCO |
||
| 082 |
_a985.002 / _bD41 |
||
| 100 |
_aDecoster, Jean-Jacques _92968 |
||
| 245 |
_aJusticia y poder : Cuzco, siglos XVI-XVIII ; _bcatálogo del Fondo Corregimiento (causas civiles), Archivo Departamental del Cuzco / |
||
| 260 |
_aCusco : _bCentro de Estudios Regionales Andinos "Bartolomé de las Casas", _c1997. |
||
| 300 |
_a303 páginas ; _c23.5 cm. |
||
| 440 |
_aArchivos de Historia Andina _n : 26 _95396 |
||
| 500 | _aCatálogo de las causas ordinarias del corregimiento del Cusco, útil para una investigación de la colonia temprana en la zona. Relacionado con causas judiciales, de 1551 hasta 1784, constituído, en su mayoría por expedientes de carácter ordinario, expedientes criminales, pedimentos y documentos de carácter administrativo. | ||
| 505 | _aContenido: Reconocimiento: Jorge Polo y la Borda -- Introducción: Jean-Jacques Decoster -- Catálogo del Fondo Corregimiento (causas civiles) Archivo Departamental del Cuzco ... | ||
| 650 |
_aCorregimientos - Archivos _95397 |
||
| 650 |
_aSiglos XVI-XVIII _95398 |
||
| 650 |
_aCatálogos _95399 |
||
| 650 |
_aPerú - Cusco _95400 |
||
| 650 |
_aFondo Corregimiento - Archivo Regional del Cusco _95401 |
||
| 700 |
_aBauer, Brian S. (Autor) _95402 |
||
| 710 |
_aCBC _95403 |
||
| 942 |
_2ddc _cLIBROS |
||
| 945 |
_alccs _d2019-02-27 |
||